02436agaaa2200325 45000010005000000030009000050050017000140070009000310080040000400400023000800410013001031000068001161300045001842450226002292500022004552600132004773000034006095080194006435110092008375200588009295380016015175460013015336500064015467000080016107000082016907000066017729420012018389990019018509520241018698271IT-RoPAU20220918181229.0d cvaizq50131s9999||||xx ||| | || ||und|| aIT-RoPAUcIT-RoPAU aITALIANO aBarboni Enzo (E.B. Clucher)gCodice regista SPICS: 59298939577 aANCHE GLI ANGELI MANGIANO FAGIOLI939578 aANCHE GLI ANGELI MANGIANO FAGIOLIcSceneggiatura: Barboni Enzo De Micheli Tullio Solleville Marie Claire -- Diretto da: Barboni Enzo (E.B. Clucher)pANCHE GLI ANGELI MANGIANO FAGIOLI (Rif. Codice opera principale : H8271) aEdizione Standard a(ITALIA)bTRITONE CINEMAT. - MUNDIAL FILM - LES PROD. / Distribuzione: EDICOLAg"1973 (1° ed.: 2008 ; Ed. Lingua Orig.: 1973)" aDVDbsonoro, col.c120 minuti a"Fotografia: Marin Francisco; Montaggio: Alabiso Eugenio; Musica: De Angelis Guido; Sceneggiatura: Barboni Enzo De Micheli Tullio Solleville Marie Claire; Scenografia: Soler Juan Alberto; " a"Spencer Bud; Gemma Giuliano; Middleton Robert; Vanders Bill; Pizzuti Riccardo; Fair F" aCHARLIE E SONNY, ALL'EPOCA DELLA GRANDE CRISI ECONOMICA, ENTRANO AL SERVIZIO DI UN BOSS DELLA MALAVITA SOPRANNOMINATO SORRISO. PER LA LORO ABILITA' NEL MENARE LE MANI, I DUE VENGONO ADIBITI ALLA RISCOSSIONE DELLE TANGENTI CHE I PICCOLI NEGOZIANTI DELLA LITTLE ITALY NEWYORKESE DEVONO VERSARE PER AVERE LA PROTEZIONE DI SORRISO. MA I DUE SONO TENERI DI CUORE E SI LASCIANO COMMUOVERE E DOPO TANTE E VARIE MISSIONI MANDATE A VUOTO DEVONO VEDERSELA CONSORRISO IN PERSONA, CHE AL TERMINE DI UNA GIGANTESCA SCAZZOTTATURA FINISCEFINALMENTE IN GALERA E I DUE TORNANO AD ATTIVITA' PACIFICHE. aPAL, STEREO aITALIANO aCOMMEDIAeDVD-FILM [DVD]xCodice MATERIA SPICS: 9947936668 aBarboni Enzo (E.B. Clucher) e(regista)gCodice regista SPICS: 59298939579 aBarboni Enzo (E.B. Clucher) e(soggetto)gCodice Soggetto SPICS: 59298939580 aDe Angelis Guidoe(musica)gCodice Musica SPICS: 10854939581 cDV2ddc c105118d105118 0010406H_8271_00000000000000071aSPICSbSPICSd2015-01-31l0oH8271r2015-01-31 00:00:00w2015-01-31yDVzProgr. Ins.: 3721 / N.Vol.:1 / Copie: 1 / Pag.:0 / Copia rara: n.d. / date import: 1.2.2015 / By Epidotti, Trombetti, Vaglietti